Hlivištia 1418-2018 600 rokov od založenia obce : 120 rokov od posviacky Chrámu sv. Juraja

Bibliographic Details
Main Authors: Beľanová, Radmila (Author), Džuba, Miroslav, 1986- (Author), Hreňo, Marek (Author)
Format: Book
Language:Slovak
Published: [Michalovce] Lipa, s.r.o. 2018
Subjects:

MARC

LEADER 00000nam a2200000 4500
001 vtls011781825
003 SK-MaSNL
005 20260301142826.0
008 200205s2018 xo ol g np 000 0 slo
015 |a SNBA2018/10 
020 |a 9788097176518  |q (brožované) 
035 |a urn:nbn:sk:snk-am00d8tm 
035 |a urn:nbn:sk:snk-am3htkn 
035 |a 36E567C9-0776-47F9-986B-02E225B49DC4 
040 |a SNK  |b slo  |c SNK  |e rda 
041 0 |a slo 
043 |a e-xo--- 
044 |a xo  |c SK 
072 7 |a 911  |x Všeobecná geografia. Systematická geografia  |2 konspekt 
080 |a 911.373  |2 2011 
080 |a (437.6)  |2 2011 
080 |a 911.375(091)  |2 2011 
080 |a (082.2)  |2 2011 
100 1 |a Beľanová, Radmila  |4 aut  |9 498916 
245 1 0 |a Hlivištia 1418-2018  |b 600 rokov od založenia obce : 120 rokov od posviacky Chrámu sv. Juraja  |c autori: Radmila Beľanová, Miroslav Džuba, Marek Hreňo 
264 1 |a [Michalovce]  |b Lipa, s.r.o.  |c 2018 
300 |a 46 strán  |b fotografie (prevažne farebné), tabuľky  |c 21 cm 
336 |a text  |b txt  |2 rdacontent 
337 |a bez média  |b n  |2 rdamedia 
338 |a zväzok  |b nc  |2 rdacarrier 
500 |a Miesto vydania podľa NA ISBN 
504 |a Biliografia na strane 34-35 ; poznámky 
650 0 7 |a obce  |2 SNKPH  |9 2935 
650 0 7 |a Municipalities  |2 SNKPHeng  |9 266969 
650 0 7 |a dejiny obcí  |2 SNKPH  |9 164834 
651 7 |a Hlivištia (Slovensko)  |2 SNKPHgeo  |9 51891 
651 7 |a Hlivištia (Slovakia)  |2 SNKPHeng  |9 363644 
655 7 |a jubilejné publikácie  |2 SNKPH  |9 70339 
655 7 |a Jubilee books  |2 SNKPHeng  |9 281827 
700 1 |a Džuba, Miroslav,  |d 1986-  |4 aut  |9 224456 
700 1 |a Hreňo, Marek  |4 aut  |9 498917 
919 |a 978-80-971765-1-8 
958 |a NB 
999 |c 771621  |d 773551 
952 |a SNK  |b SNK  |y PREZ  |7 0  |p 17A1336483  |o snkSC 180939  |i snk2018/19667  |8 0  |0 0  |1 0  |4 0  |d 2018-10-01  |f 1  |l 0  |r 2026-02-24 00:37:22  |w 2026-02-24 
952 |a SNK  |b SNK  |y VYP  |7 0  |p 17A1336484  |o snkSC 180939 D1  |i snk2018/19668  |8 0  |0 0  |1 0  |4 0  |d 2018-10-01  |l 0  |r 2026-02-24 00:37:22  |w 2026-02-24